00385nam a2200145Ia 4500008004100000020001400041041000800055082001700063100002100080245005000101250000600151260003900157300001200196650003100208210716s2001 xx 000 0 und d a584500093 aeng a005.268 COLL aColumbus, Louis. aMicrosoft windows 2000 professional handbook. a1 aHinghambCharles River Mediac2001 axiv,448 aMicrosoft Windows(005.269)